| 000 | 02082nam a2200421 c 4500 | ||
|---|---|---|---|
| 003 | BLK | ||
| 005 | 20180422104849.0 | ||
| 008 | 180408b bul|||||r ||||||| ||bul|| | ||
| 010 | _aKNG00098550000 | ||
| 020 |
_a978-954-783-070-7 _bиздат.: Intense - (Локус) |
||
| 040 | _aBLK | ||
| 041 |
_aBUL _cBUL |
||
| 072 | 7 |
_2bullib _aН70 _xИзкуства Н |
|
| 080 |
_aДраматични театри. Театри за драма и комедия. Вж и 82-2 _b792.2 _x.071.1(497.2)(092) _z792.2.071.1(497.2)(092) |
||
| 080 |
_aБългарски театрален режисьор _b929 Азарян, Крикор Степан _x _z929 Азарян, Крикор Степан |
||
| 100 | 1 |
_aСтайков, Димитър Антонов _eпърви автор _9372515 |
|
| 139 |
_aСтайков, Димитър Антонов _bА 36 |
||
| 245 | 1 | 0 |
_aЧовешкият цирк и Крикор Азарян _cДимитър Антонов Стайков. |
| 257 | _aBGR | ||
| 260 |
_аСофия _bIntense _c2008 _fКостинброд : Мултипринт |
||
| 300 |
_a472 с. _bсъс сн. _c22 см |
||
| 380 | _a7 | ||
| 500 | _aIntense - търговска марка на Локус Пъблишинг ЕООД. - Офс. изд. - Съдържа и Писмо на Йордан Радичков до Крикор Азарян по повод на 50-ия му рожден ден ; Постановки на Крикор Азарян ; Интервюта ; Критически летопис. | ||
| 600 | 1 | 4 |
_aАзарян, Крикор Степан _9305589 |
| 650 | 4 |
_aРежисьори, български _9262647 |
|
| 650 | 4 |
_aРежисура, театрална _9255083 |
|
| 650 | 4 |
_aТеатър, български _9246299 |
|
| 651 | 4 |
_aБългария _9241624 |
|
| 653 | _aбългарски театър | ||
| 653 | _aрежисьори | ||
| 653 | _aКрикор Азарян | ||
| 659 | _aН | ||
| 852 | _aЦб 250194 | ||
| 856 | 4 |
_qpdf _u |
|
| 856 | 4 |
_qpdf _u |
|
| 942 |
_cKNG _n0 |
||
| 944 |
_aCR _c08.12.2010 _lф / _kЛюдмила_Стоянова |
||
| 944 |
_aED _c10.03.2011 _lф / _k |
||
| 999 |
_c93740 _d93740 |
||